00494nam a2200169Ia 4500003000400000005001700004008004100021040000700062041001200069082001800081100002400099245010400123260004800227365001300275650002200288650001400310OSt20250728110408.0210423s2005 xx 000 0 und d cAL aEnglish a307.72 bJAII aSuresh Chandra Jain aIndigenous resource for rural developmentb: agircultural mechanisation and rural industrialisation aNew DelhibConcept publishing companyc2005 b450cINR aRural Communities aSociology